The essentials of finance and budgeting
Αποθηκεύτηκε σε:
| Συλλογικό Έργο: | , |
|---|---|
| Μορφή: | Βιβλίο |
| Γλώσσα: | English |
| Δημοσίευση: |
Alexandria :
Harvard Business School, Society for Human Resource Management ,
c2005.
|
| Θέματα: | |
| Ετικέτες: |
Προσθήκη ετικέτας
Δεν υπάρχουν, Καταχωρήστε ετικέτα πρώτοι!
|
MARC
| LEADER | 00000cam a2200000 a 4500 | ||
|---|---|---|---|
| 001 | 1/118471 | ||
| 008 | 190419t2005####us | ||| |||| ||eng|| | ||
| 020 | |a 1591395720 |q (χαρτόδετο) | ||
| 040 | |a GR-MyUa |b gre |c GR-MyUa |e AACR2 | ||
| 041 | 0 | |a eng | |
| 082 | 7 | |a 658.150246583 |2 (23) | |
| 245 | 0 | 4 | |a The essentials of finance and budgeting / |c Society for Human Resource Management and Harvard Business School Press. |
| 260 | |a Alexandria : |b Harvard Business School, |b Society for Human Resource Management , |c c2005. | ||
| 300 | |a xviii, 320 σ. : |b διαγρ., πίν. ; |c 24 εκ. | ||
| 504 | |a Περιλαμβάνει βιβλιογραφικές παραπομπές και ευρετήριο. | ||
| 650 | 0 | |a Personnel departments |x Finance. | |
| 710 | 2 | |a Harvard Business School. | |
| 710 | 2 | |a Society for Human Resource Management (U.S.) | |
| 852 | |a INST |b CHIOS |c TSAMOYRGELIS |e 20190419 |h 658.150246583 BUS |p 005200038859 |q 005200038859 |t BK |y 0 | ||
| 970 | |a Σπέντζα |b Ελένη |z 19-04-2019 | ||